| 000 | 01164cab a22002055a 4500 | ||
|---|---|---|---|
| 001 | L153127 | ||
| 008 | 110610e2011 xxk 000 0 eng d | ||
| 035 | _a(Sirsi) u153127 | ||
| 041 | 0 | _aeng | |
| 110 | 2 |
_aProperty Week _91549 |
|
| 245 | 0 | 0 |
_aAgency 2011 _bproperty on the up |
| 260 | _c2011 | ||
| 490 | 0 |
_aProperty Week _v77(22) 3 June 2011, 30-33(4) |
|
| 520 | _aAgency 2011 show agents' fortunes improving. The combined turnover of the top 60 firms was £210m more than in 2010. Just eight firms reported a drop in revenue compared with nearly three-quarters in recession-hit 2010. Half of the respondents said that they aimed to increase their workforce in 2011. This year the top five property services firms generated considerably more fees per head. than last year. Tables cover: top property services firms ranked by UK turnover; ranked by UK turnover per fee-earner ; top European property services firms ranked by European turnover; and top global property services firms ranked by worldwide turnover. | ||
| 590 | _aKA NTK | ||
| 651 | 4 | _aInternational | |
| 690 | _aPROPERTY-PROPERTY AGENCY | ||
| 690 | _aPROPERTY-PROPERTY MARKET | ||
| 942 | _n0 | ||
| 999 |
_c83198 _d83198 |
||